Skoczkowie którzy byli w TOP 10 klasyfikacji generalnej w XXI wieku - Statystyki

Ogólne statystyki
  • Ten quiz został rozwiązany 160 razy
    59 od ostatniego zresetowania
  • Średni wynik to 51 z 73
Statystyki odpowiedzi
Narodowość Zawodnik % Poprawnych
Adam Małysz
96%
Cene Prevc
96%
Domen Prevc
96%
Kamil Stoch
96%
Słowenia Peter Prevc
96%
Piotr Żyła
96%
Polska Dawid Kubacki
94%
Czechy Roman Koudelka
94%
Japonia Ryōyū Kobayashi
94%
Maciej Kot
92%
Janne Ahonen
90%
Szwajcaria Simon Ammann
90%
Austria Stefan Kraft
90%
Norwegia Johann André Forfang
88%
Noriaki Kasai
88%
Gregor Schlierenzauer
84%
Jakub Janda
84%
Karl Geiger
84%
Anže Lanišek
82%
Daiki Itō
82%
Halvor Egner Granerud
82%
Thomas Morgenstern
82%
Niemcy Andreas Wellinger
80%
Daniel Tschofenig
80%
Jan Hörl
80%
Markus Eisenbichler
80%
Martin Schmitt
80%
Severin Freund
80%
Daniel-André Tande
78%
Marius Lindvik
76%
Richard Freitag
76%
Andreas Kofler
75%
Manuel Fettner
75%
Jan Matura
73%
Finlandia Matti Hautamäki
73%
Wolfgang Loitzl
73%
Anders Bardal
71%
Andreas Küttel
71%
Michael Hayböck
71%
Robert Johansson
71%
Primož Peterka
69%
Robert Kranjec
69%
Sven Hannawald
69%
Timi Zajc
69%
Rosja Dmitrij Wasiljew
67%
Pius Paschke
63%
Harri Olli
61%
Martin Koch
61%
Anders Fannemel
59%
Janne Happonen
59%
Rune Velta
59%
Anders Jacobsen
57%
Andreas Stjernen
57%
Roar Ljøkelsøy
57%
Tom Hilde
57%
Bjørn Einar Romøren
55%
Stephan Leyhe
55%
Thomas Diethart
55%
Andreas Widhölzl
53%
Michael Neumayer
53%
Michael Uhrmann
51%
Sigurd Pettersen
51%
Kenneth Gangnes
49%
Lovro Kos
49%
Philipp Aschenwald
49%
Martin Höllwarth
45%
Gregor Deschwanden
43%
Peter Žonta
43%
Risto Jussilainen
37%
Stephan Hocke
35%
Lars Bystøl
33%
Georg Späth
29%
Florian Liegl
25%
Nie znaleziono quizów pasujących do podanych kryteriów
Rozkład punktacji
Procent ludzi z każdym wynikiem
Percentyl według liczby udzielonych odpowiedzi
Twoja historia wyników
Nie rozwiązałeś tego quizu od ostatniego zresetowania